[Event "AUTO-MASTER-251"]
[Site "http://www.queenalice.com/game.php?id=152445"]
[Date "2007.1.10"]
[Round "1"]
[White "Harold"]
[Black "QuickQuickSlow"]
[Result "1-0"]
[WhiteElo "1959"]
[BlackElo "2104"]

1. e4 c5 2. d4 cxd4 3. c3 dxc3 4. Nxc3 Nc6 5. Bc4 e6 6. Nf3 a6 7. O-O Nge7 8.
Bg5 Qc7 9. Qe2 Ng6 10. Rac1 f6 11. Be3 b5 12. Bb3 Be7 13. Nd5 Qb7 14. Nxe7 Ngxe7
15. Bc5 a5 16. a3 O-O 17. Nh4 g5 18. Nf5 Nxf5 19. exf5 Rf7 20. Rfd1 Ra6 21. fxe6
dxe6 22. Bxe6 Bxe6 23. Qxe6 Ne7 24. Qd7 Qxd7 25. Rxd7 Ng6 26. Rd8+ Kg7 27. Rb8
Nf4 28. Rc2 b4 29. axb4 axb4 30. f3 Rc7 31. Bf8+ 1-0

[Event "AUTO-MASTER-251"]
[Site "http://www.queenalice.com/game.php?id=152446"]
[Date "2007.1.10"]
[Round "1"]
[White "QuickQuickSlow"]
[Black "Harold"]
[Result "1-0"]
[WhiteElo "2086"]
[BlackElo "1999"]

1. e4 e5 2. Nf3 Nc6 3. Bb5 Bc5 4. c3 f5 5. d3 Nf6 6. O-O O-O 7. exf5 d5 8. Bxc6
bxc6 9. Nxe5 Bd6 10. d4 Bxf5 11. Bf4 c5 12. Nd2 cxd4 13. cxd4 c5 14. Ndf3 Qb6
15. b3 cxd4 16. Qxd4 Bc5 17. Qb2 Rad8 18. Rad1 Ng4 19. Bg3 Nxe5 20. Nxe5 Be4 21.
Kh1 Be7 22. f3 Bf5 23. Bf2 Qb7 24. Bd4 Bf6 25. Rc1 Rfe8 26. Nc6 Rd6 27. Bxf6
Rxc6 28. Rxc6 Qxc6 29. Bxg7 Qg6 30. Be5 Rc8 31. Rc1 Re8 32. f4 Be4 33. Rc3 Qh5
34. Rg3+ Kf7 35. Qc1 Rc8 36. Rg7+ Ke6 37. Qxc8# 1-0

[Event "AUTO-MASTER-255"]
[Site "http://www.queenalice.com/game.php?id=156518"]
[Date "2007.1.20"]
[Round "1"]
[White "Harold"]
[Black "alexsoncini"]
[Result "1-0"]
[WhiteElo "1984"]
[BlackElo "1970"]

1. e4 e6 2. d4 d5 3. e5 c5 4. c3 Nc6 5. Nf3 Qb6 6. Bd3 cxd4 7. cxd4 Bb4+ 8. Nc3
Bd7 9. O-O Nh6 10. a3 Be7 11. Be3 Na5 12. b4 Nc4 13. Bxc4 dxc4 14. d5 Qd8 15. d6
Bf8 16. Bg5 f6 17. Bxh6 gxh6 18. Ng5 Rg8 19. Qh5+ Rg6 20. Nxh7 Kf7 21. Nxf6 Bc6
22. Nce4 Bxe4 23. Nxe4 Kg7 24. f4 Qe8 25. Qf3 Qf7 26. f5 exf5 27. Qxf5 Qxf5 28.
Rxf5 Rg4 29. Nc5 b6 30. Ne6+ Kg8 31. Raf1 Bg7 32. d7 Re4 33. d8=Q+ Rxd8 34. Nxd8
Bxe5 35. Rf8+ Kg7 36. R1f7+ Kg6 37. Rg8+ Kh5 38. Rf5+ Kh4 39. g3+ Bxg3 40. hxg3+
1-0

[Event "AUTO-MASTER-255"]
[Site "http://www.queenalice.com/game.php?id=156519"]
[Date "2007.1.20"]
[Round "1"]
[White "alexsoncini"]
[Black "Harold"]
[Result "0-1"]
[WhiteElo "1974"]
[BlackElo "1972"]

1. d4 d5 2. c4 e6 3. Nc3 c5 4. Nf3 Nf6 5. Bg5 cxd4 6. Nxd4 e5 7. Bxf6 gxf6 8.
Nc2 d4 9. Ne4 f5 10. Nd2 Nc6 11. g3 Be6 12. Bg2 Bc5 13. O-O h5 14. a3 h4 15. b4
Bb6 16. c5 Bc7 17. b5 Na5 18. Nb4 Qg5 19. Nf3 Qf6 20. c6 hxg3 21. cxb7 Nxb7 22.
Qc1 gxf2+ 23. Kxf2 Bb6 24. Qc6+ Kf8 25. Qxb7 Kg7 26. Nd5 Bxd5 27. Qxd5 e4 28.
Qe5 exf3 29. Qxf6+ Kxf6 30. Kxf3 Rae8 31. Kf2 d3+ 32. Kf3 Re3+ 33. Kf2 Rxe2+ 34.
Kg3 Rg8+ 35. Kh3 Rgxg2 36. Rad1 Rxh2+ 0-1

[Event "AUTO-MASTER-255"]
[Site "http://www.queenalice.com/game.php?id=156520"]
[Date "2007.1.20"]
[Round "1"]
[White "Harold"]
[Black "LoveChess"]
[Result "0-1"]
[WhiteElo "1985"]
[BlackElo "2316"]

1. e4 c5 2. d4 cxd4 3. c3 Nf6 4. e5 Nd5 5. cxd4 d6 6. f4 Nc6 7. Nf3 dxe5 8. fxe5
Bf5 9. a3 e6 10. Nc3 Bg4 11. Be2 Bxf3 12. Bxf3 Qh4+ 13. g3 Qxd4 14. Qxd4 Nxd4
15. Nxd5 exd5 16. Bxd5 Nc2+ 17. Kf2 Bc5+ 18. Kg2 Nxa1 19. Bxb7 Rb8 20. Bc6+ Kf8
21. b4 Bd4 22. Bf4 Rc8 23. b5 Nc2 0-1

[Event "AUTO-MASTER-255"]
[Site "http://www.queenalice.com/game.php?id=156521"]
[Date "2007.1.20"]
[Round "1"]
[White "LoveChess"]
[Black "Harold"]
[Result "1-0"]
[WhiteElo "2314"]
[BlackElo "1988"]

1. Nf3 d5 2. d4 c6 3. g3 g6 4. Bg2 Bg7 5. O-O Bg4 6. h3 Bxf3 7. Bxf3 Nd7 8. Re1
Ngf6 9. Nc3 O-O 10. e4 dxe4 11. Nxe4 Nxe4 12. Bxe4 Nf6 13. Bf3 e6 14. c4 Qd7 15.
Bf4 Rfd8 16. Qb3 Qxd4 17. Bc7 Rdc8 18. Rad1 Qc5 19. Qxb7 Ne8 20. Bf4 Qb6 21. Rd7
Qxb7 22. Rxb7 Bd4 23. b3 1-0

[Event "AUTO-MASTER-255"]
[Site "http://www.queenalice.com/game.php?id=156522"]
[Date "2007.1.20"]
[Round "1"]
[White "Harold"]
[Black "Ribar"]
[Result "0-1"]
[WhiteElo "1973"]
[BlackElo "2019"]

1. e4 e6 2. d4 d5 3. e5 c5 4. c3 Nc6 5. Nf3 Be7 6. Bd3 c4 7. Bc2 b5 8. O-O f5 9.
exf6 Nxf6 10. Re1 O-O 11. Ng5 e5 12. dxe5 Ng4 13. Nf3 Bc5 14. Re2 Nxf2 15. Rxf2
Bxf2+ 16. Kxf2 Nxe5 17. Nd2 Qb6+ 18. Kf1 Ng4 19. Qe1 Ne3+ 0-1

[Event "AUTO-MASTER-255"]
[Site "http://www.queenalice.com/game.php?id=156523"]
[Date "2007.1.20"]
[Round "1"]
[White "Ribar"]
[Black "Harold"]
[Result "0-1"]
[WhiteElo "2032"]
[BlackElo "1981"]

1. c4 e6 2. Nc3 d5 3. cxd5 exd5 4. d4 c5 5. Nf3 Nc6 6. e3 Nf6 7. Bb5 Bd6 8. O-O
O-O 9. h3 a6 10. Ba4 Bf5 11. Nh4 Be6 12. Bc2 Qd7 13. dxc5 Bxc5 14. Ne2 Bxh3 15.
Nf4 Bg4 16. f3 Be6 17. Nxe6 fxe6 18. f4 e5 19. fxe5 Nxe5 20. Nf5 Rae8 21. Nd4
Nc4 22. Bf5 Qe7 23. Be6+ Kh8 24. b3 Bxd4 25. exd4 Qxe6 26. bxc4 dxc4 27. Rb1 b5
28. a4 Rb8 29. axb5 axb5 30. Re1 Qg4 31. Ba3 Qxd1 32. Rexd1 Rfd8 33. Be7 Rd5 34.
Bxf6 gxf6 35. Kf2 Kg7 36. Rb4 Kf7 37. Rd2 Rg8 38. Rdb2 Rgg5 39. Kf3 Ke6 40. Ke3
h5 41. Ra2 Rg3+ 42. Kf4 Rg4+ 0-1

[Event "Challenge"]
[Site "http://www.queenalice.com/game.php?id=159875"]
[Date "2007.1.27"]
[Round "-"]
[White "Sidinei"]
[Black "Harold"]
[Result "1-0"]
[WhiteElo "2051"]
[BlackElo "1994"]

1. e4 e5 2. Nf3 Nc6 3. d4 exd4 4. Nxd4 Nf6 5. Nxc6 bxc6 6. e5 Qe7 7. Qe2 Nd5 8.
c4 Ba6 9. b3 O-O-O 10. g3 g5 11. Bb2 Bg7 12. Nd2 Nb4 13. Nf3 Rhe8 14. Bh3 c5 15.
O-O h5 16. g4 hxg4 17. Bxg4 Bb7 18. Rfe1 Bxf3 19. Bxf3 Qe6 20. Qe4 Nc6 21. Bg4
Qh6 22. Qd5 Qg6 23. Rad1 Re7 24. Re3 Rde8 25. Bxd7+ Kb7 26. e6 1-0

[Event "Challenge"]
[Site "http://www.queenalice.com/game.php?id=169355"]
[Date "2007.2.16"]
[Round "-"]
[White "Harold"]
[Black "alexsoncini"]
[Result "0-1"]
[WhiteElo "1982"]
[BlackElo "2064"]

1. e4 e6 2. d4 d5 3. e5 c5 4. c3 Nc6 5. Nf3 Qb6 6. Bd3 Bd7 7. O-O cxd4 8. cxd4
Nxd4 9. Nxd4 Qxd4 10. Nc3 Qxe5 11. Re1 Qd4 12. Nb5 Qb6 13. Be3 Qd8 14. Rc1 Bb4
15. Nc7+ Kf8 16. Nxa8 Qxa8 17. Re2 Nf6 18. Rec2 Bd6 19. Bb5 Ke7 0-1

[Event "AUTO-ADV-314"]
[Site "http://www.queenalice.com/game.php?id=194293"]
[Date "2007.4.9"]
[Round "2"]
[White "clemerson"]
[Black "Harold"]
[Result "0-1"]
[WhiteElo "1846"]
[BlackElo "1990"]

1. e4 e5 2. Nf3 Nc6 3. Bb5 d6 4. c3 a6 5. Ba4 Bg4 6. d3 Be7 7. Be3 Nf6 8. O-O
O-O 9. Nbd2 h6 10. h3 Bxf3 11. Qxf3 Nh7 12. Rfe1 Bg5 13. Nf1 Ne7 14. g3 f5 15.
Bb3+ Kh8 16. h4 Bxe3 17. Nxe3 f4 18. Ng2 fxg3 19. Qxg3 Nf6 20. Kh1 Nh5 21. Qg4
Nf4 22. Nxf4 Rxf4 23. Qg3 Ng6 24. Bd1 Rxh4+ 25. Kg1 Nf4 26. d4 Rh3 27. Qg4 h5
28. Qf5 g6 29. Qf7 Qg5+ 30. Kf1 Rh1# 0-1

[Event "AUTO-ADV-314"]
[Site "http://www.queenalice.com/game.php?id=194294"]
[Date "2007.4.9"]
[Round "2"]
[White "Harold"]
[Black "clemerson"]
[Result "1-0"]
[WhiteElo "1979"]
[BlackElo "1857"]

1. e4 e6 2. d4 d5 3. e5 c5 4. c3 Nc6 5. Nf3 Qb6 6. Bd3 c4 7. Bc2 Bd7 8. O-O
O-O-O 9. b3 Qa6 10. bxc4 dxc4 11. Be4 f5 12. exf6 gxf6 13. Qe2 f5 14. Bxc6 Qxc6
15. Nbd2 b5 16. Ne5 Qa8 17. Nf7 Bc6 18. Qxe6+ Bd7 19. Qa6+ Kc7 20. Nxd8 Kxd8 21.
Nf3 Ne7 22. Ne5 Rg8 23. Nf7+ Ke8 24. Nd6+ Kd8 25. Qa5# 1-0

[Event "AUTO-MASTER-251"]
[Site "http://www.queenalice.com/game.php?id=221767"]
[Date "2007.6.7"]
[Round "2"]
[White "Harold"]
[Black "sbirulino"]
[Result "0-1"]
[WhiteElo "1984"]
[BlackElo "2033"]

1. e4 c5 2. d4 cxd4 3. c3 Nf6 4. e5 Nd5 5. cxd4 d6 6. f4 Nc6 7. Nc3 dxe5 8. fxe5
Bf5 9. a3 Qa5 10. Bb5 Nxc3 11. Bxc6+ bxc6 12. bxc3 Qxc3+ 13. Bd2 Qxd4 14. Nf3
Qd5 15. O-O e6 16. Qa4 Bc5+ 17. Kh1 Bb6 18. Bb4 Qb5 19. Qd1 c5 20. Bd2 Bd3 21.
Ng5 Bxf1 22. Qh5 O-O-O 23. Bf4 Bxg2+ 0-1

[Event "AUTO-MASTER-251"]
[Site "http://www.queenalice.com/game.php?id=221768"]
[Date "2007.6.7"]
[Round "2"]
[White "sbirulino"]
[Black "Harold"]
[Result "1-0"]
[WhiteElo "1999"]
[BlackElo "2000"]

1. d4 d5 2. c4 e6 3. Nf3 c6 4. e3 Bd6 5. Nc3 Nd7 6. e4 dxe4 7. Nxe4 Bc7 8. Bd3
e5 9. Be3 f5 10. Neg5 e4 11. Ne6 Ba5+ 12. Bd2 Qf6 13. Bxa5 Qxe6 14. O-O Ne7 15.
Re1 Qf6 16. Bxe4 fxe4 17. Rxe4 O-O 18. Bb4 c5 19. dxc5 Nc6 20. Qd5+ Kh8 21. Bc3
Qg6 22. Nh4 Qh6 23. Nf5 Qg6 24. Bxg7+ Qxg7 25. Nxg7 Kxg7 26. Qg5+ Kh8 27. Rg4
Nf6 28. Qg7# 1-0

[Event "AUTO-MASTER-251"]
[Site "http://www.queenalice.com/game.php?id=221769"]
[Date "2007.6.7"]
[Round "2"]
[White "Harold"]
[Black "Catalin"]
[Result "1-0"]
[WhiteElo "1988"]
[BlackElo "2140"]

1. e4 e5 2. Nf3 Nc6 3. Bc4 Bc5 4. c3 Nf6 5. d4 exd4 6. cxd4 Bb4+ 7. Nc3 Nxe4 8.
O-O Nxc3 9. bxc3 Bxc3 10. Qb3 Bxa1 11. Bxf7+ Kf8 12. Bg5 Nxd4 13. Qa3+ Kxf7 14.
Bxd8 Rxd8 15. Rxa1 Ne6 16. Ne5+ Kg8 17. Qe7 d6 18. Qf7+ Kh8 19. Nf3 Rf8 20. Qe7
Kg8 21. Re1 Rf6 22. Qe8+ Rf8 23. Qh5 Nf4 24. Qa5 c6 25. Qc7 d5 26. Ng5 Bg4 27.
Re7 Nh5 28. h3 Bf5 29. g4 Rac8 30. Qxb7 Bxg4 31. hxg4 Rb8 32. Qxa7 Rb4 33. f3
Rb1+ 34. Kf2 Rb2+ 35. Ke3 d4+ 36. Kxd4 Rb4+ 37. Kc3 1-0

[Event "AUTO-MASTER-251"]
[Site "http://www.queenalice.com/game.php?id=221771"]
[Date "2007.6.7"]
[Round "2"]
[White "Harold"]
[Black "ENDHER"]
[Result "0-1"]
[WhiteElo "1988"]
[BlackElo "2344"]

1. e4 e6 2. d4 d5 3. e5 Nc6 4. c3 Nb8 5. Nf3 c5 6. Bd3 Nc6 7. O-O Bd7 8. a3 cxd4
9. cxd4 Qb6 10. Nc3 Nxd4 11. Nxd4 Qxd4 12. Nb5 Qxe5 13. Re1 Qb8 14. Qf3 Bd6 15.
Qxd5 Bxh2+ 16. Kh1 Ne7 17. Qg5 a6 18. Nd4 Qd6 19. Qxg7 Rg8 20. Qf6 Qd5 21. Be4
Be5 22. Qxe7+ Kxe7 23. Bxd5 Bxd4 24. Bxb7 Ra7 25. Bf3 Rc7 26. Bf4 Rc2 27. Rac1
Rxb2 28. Rc7 Rc8 29. Rxd7+ Kxd7 30. Rd1 Rc4 31. Be5 Rc1 32. Bxd4 Rxd1+ 33. Bxd1
Rb1 0-1

[Event "AUTO-MASTER-251"]
[Site "http://www.queenalice.com/game.php?id=221772"]
[Date "2007.6.7"]
[Round "2"]
[White "ENDHER"]
[Black "Harold"]
[Result "1-0"]
[WhiteElo "2320"]
[BlackElo "1970"]

1. d4 d5 2. c4 e6 3. Nc3 c6 4. e3 Bd6 5. Nf3 Nd7 6. e4 dxe4 7. Nxe4 Bb4+ 8. Bd2
Bxd2+ 9. Qxd2 Ngf6 10. Nd6+ Kf8 11. Ng5 Qe7 12. c5 h6 13. Ngxf7 Ne4 14. Nxh8 1-0

[Event "AUTO-ADV-314"]
[Site "http://www.queenalice.com/game.php?id=259273"]
[Date "2007.8.21"]
[Round "3"]
[White "gdan"]
[Black "Harold"]
[Result "0-1"]
[WhiteElo "1995"]
[BlackElo "1986"]

1. e4 e6 2. d4 d5 3. Nd2 c5 4. Ngf3 Nc6 5. exd5 exd5 6. Bb5 Nf6 7. O-O Bd6 8.
Ne5 O-O 9. Nxc6 bxc6 10. Bxc6 Bxh2+ 11. Kxh2 Qd6+ 12. g3 Qxc6 13. dxc5 Bb7 14.
Nb3 d4 15. Rg1 Ne4 16. Qxd4 Rad8 17. Qe3 Qg6 18. Rg2 Qh5+ 19. Kg1 Rd1+ 0-1

[Event "AUTO-ADV-314"]
[Site "http://www.queenalice.com/game.php?id=259274"]
[Date "2007.8.21"]
[Round "3"]
[White "Harold"]
[Black "gdan"]
[Result "0-1"]
[WhiteElo "2002"]
[BlackElo "2042"]

1. e4 Nf6 2. e5 Nd5 3. c4 Nb6 4. c5 Nd5 5. Bc4 c6 6. Nc3 Nxc3 7. bxc3 d5 8. Bd3
Qa5 9. a4 Qxc5 10. Ba3 Qb6 11. Nf3 Bg4 12. O-O Nd7 13. Re1 Qc7 14. Bd6 Qc8 15.
Ba3 e6 16. Bc2 Bxa3 17. Rxa3 c5 18. d4 Bxf3 19. Qxf3 cxd4 20. Bb1 Qc5 21. cxd4
Qxd4 22. Qg3 Qb4 23. Rc1 Nxe5 24. Rb3 Qd2 25. Rbc3 Nc6 26. Qxg7 O-O-O 27. Qxf7
Kb8 28. Qf3 Rdf8 29. Qe3 Qxe3 30. Rxe3 e5 31. Ba2 d4 32. Re4 Kc7 33. Rxe5 d3 34.
Re7+ Kb6 35. Rb1+ Kc5 36. Rb5+ Kd6 37. Re3 Rf4 38. Rxd3+ Kc7 39. g3 Rxa4 40. Be6
Rd8 41. Rxd8 Nxd8 42. Bg8 a6 43. Rc5+ Kd6 44. Rd5+ Kc7 45. Bxh7 b5 46. Bd3 Ne6
47. h4 Kc6 48. Rf5 Rd4 49. Be2 Rd6 50. Bf3+ Kb6 51. Rf6 Kc5 52. Bg4 Nd4 53. Rxd6
Kxd6 54. Kf1 a5 55. Ke1 a4 56. Kd1 a3 57. Kc1 b4 58. Bd1 Kc5 59. h5 Kc4 60. h6
Kc3 61. Kb1 b3 62. h7 a2+ 63. Ka1 Nc2+ 64. Bxc2 b2+ 65. Kxa2 Kxc2 0-1

[Event "BOARD 2,DIV D."]
[Site "http://www.queenalice.com/game.php?id=302783"]
[Date "2007.11.12"]
[Round "1"]
[White "gamelover"]
[Black "Harold"]
[Result "0-1"]
[WhiteElo "1849"]
[BlackElo "2010"]

1. d4 d5 2. c4 Bf5 3. cxd5 Nf6 4. Qa4+ c6 5. f3 e6 6. e4 Bg6 7. dxe6 fxe6 8. Be3
Be7 9. Bd3 O-O 10. Ne2 c5 11. O-O Nc6 12. Bc4 cxd4 13. Bxe6+ Kh8 14. Nxd4 Bc5
15. Nc2 Nxe4 16. Qc4 Qb6 17. Qb3 Nb4 18. Nba3 Nd2 19. Bxc5 Qxc5+ 20. Qe3 Qxe3+
21. Nxe3 Rae8 22. Rfd1 Rxe6 23. Rxd2 Rxe3 24. Nc4 Rd3 25. a3 Rxd2 26. Nxd2 Nd3
0-1

[Event "BOARD 2,DIV D."]
[Site "http://www.queenalice.com/game.php?id=399021"]
[Date "2008.5.7"]
[Round "2"]
[White "cro_kramnik"]
[Black "Harold"]
[Result "1-0"]
[WhiteElo "2414"]
[BlackElo "2020"]

1. Nf3 d5 2. d4 Nf6 3. c4 e6 4. Nc3 c6 5. Bg5 Be7 6. e3 Nbd7 7. Rc1 O-O 8. Bd3
dxc4 9. Bxc4 Nd5 10. Bxe7 Qxe7 11. O-O Nxc3 12. Rxc3 e5 13. Bb3 exd4 14. exd4
Nf6 15. Re1 Qd6 16. Ne5 Bf5 17. Bxf7+ Rxf7 18. Nxf7 Kxf7 19. Qb3+ Kf8 20. Qxb7
Rb8 21. Qxa7 Rxb2 22. Rxc6 Rxa2 23. Qb6 Qe7 24. Rxf6+ Qxf6 25. Qb8+ Kf7 26. Qe8#
1-0

[Event "BOARD 2,DIV D."]
[Site "http://www.queenalice.com/game.php?id=504820"]
[Date "2008.12.8"]
[Round "3"]
[White "Harold"]
[Black "sbirulino"]
[Result "0-1"]
[WhiteElo "2018"]
[BlackElo "2279"]

1. e4 c5 2. d4 cxd4 3. c3 Nf6 4. e5 Nd5 5. cxd4 Qa5+ 6. Bd2 Qb6 7. Nc3 Qxd4 8.
Nf3 Nxc3 9. bxc3 Qc5 10. Bd3 Nc6 11. Qe2 d6 12. exd6 Qxd6 13. O-O g6 14. Rad1
Bg7 15. Bg5 O-O 16. Rfe1 Bxc3 17. Bb5 Qc7 0-1